000 00405nam a2200157Ia 4500
008 241206s9999||||xx |||||||||||||| ||und||
020 _a9788121917919
_c0
040 _beng
_cSSK Library
_erda
082 _a338.7/AHU
100 _a H.L. Ahuja -
245 0 _aBusiness Econiomics
260 _b S. Chand
_c©1999
942 _2Dewey Decimal Classification
_cBOOK
_nNo
999 _c15687
_d15687
003 OSt
005 20241206223231.0